[Event "Gothenburg op"]
[Site "Gothenburg"]
[Date "2016.08.21"]
[Round "7"]
[White "Hultin, Johan"]
[Black "Ask, Josef"]
[Result "0-1"]
[WhiteElo "2340"]
[BlackElo "2208"]
[PlyCount "74"]
[EventDate "2016.08.19"]
[EventType "swiss"]
[EventRounds "8"]
[EventCountry "SWE"]
[SourceTitle "CBM 174 Extra"]
[Source "ChessBase"]
[SourceDate "2016.10.10"]
[SourceVersion "1"]
[SourceVersionDate "2016.10.10"]
[SourceQuality "1"]

1. d4 Nf6 2. Bg5 d5 3. Bxf6 exf6 4. e3 Be6 5. g3 c6 6. Bg2 f5 7. Ne2 Bd6 8. Nd2 Nd7 9. 0-0 g5 10. c4 dxc4 11. Qc2 Nb6 12. a4 a5 13. b3 cxb3 14. Nxb3 0-0 15. Nc5 Bxc5 16. dxc5 Nd5 17. Nd4 Nb4 18. Qb1 Qf6 19. f4 g4 20. h3 h5 21. Nc2 Bc4 22. Rd1 Bd3 23. Rxd3 Nxd3 24. Nd4 Nxc5 25. Nxf5 Rad8 26. hxg4 hxg4 27. e4 Qc3 28. Qf1 Rd2 29. Rc1 Rc2 30. Rd1 Re8 31. e5 Rd2 32. Rc1 Qd3 33. Nh6+ Kg7 34. Nxg4 Qd4+ 35. Kh1 Rh8+ 36. Bh3 Nd3 37. Rb1 Nf2+ 0-1

[Event "Gothenburg op"]
[Site "Gothenburg"]
[Date "2016.08.20"]
[Round "6"]
[White "Knutsson, Hakan"]
[Black "Hultin, Johan"]
[Result "0-1"]
[WhiteElo "1922"]
[BlackElo "2340"]
[PlyCount "70"]
[EventDate "2016.08.19"]
[EventType "swiss"]
[EventRounds "8"]
[EventCountry "SWE"]
[SourceTitle "CBM 174 Extra"]
[Source "ChessBase"]
[SourceDate "2016.10.10"]
[SourceVersion "1"]
[SourceVersionDate "2016.10.10"]
[SourceQuality "1"]

1. e4 e6 2. d4 d5 3. Nc3 dxe4 4. Nxe4 Bd7 5. Nf3 Bc6 6. Bd3 Nd7 7. 0-0 Ngf6 8. Ned2 Be7 9. Re1 0-0 10. c3 b6 11. Nc4 Bb7 12. Nce5 c5 13. Qc2 h6 14. Be3 cxd4 15. Bxd4 Bc5 16. Rad1 Bxd4 17. Nxd4 Nxe5 18. Rxe5 Qc7 19. Re3 Rfd8 20. Qe2 Rd5 21. Bc4 Rg5 22. Rg3 Rd8 23. Re1 Nd5 24. Bb3 Nf4 25. Qc2 Re5 26. Qb1 Rxd4 27. cxd4 Ne2+ 28. Kh1 Nxg3+ 29. hxg3 Rf5 30. Bc2 Rxf2 31. Bh7+ Kh8 32. Be4 Bxe4 33. Qxe4 Qxg3 34. Qa8+ Kh7 35. Qe4+ Qg6 0-1

[Event "Gothenburg op"]
[Site "Gothenburg"]
[Date "2016.08.19"]
[Round "3"]
[White "Hultin, Johan"]
[Black "Greenfeld, Alon"]
[Result "0-1"]
[WhiteElo "2340"]
[BlackElo "2568"]
[PlyCount "72"]
[EventDate "2016.08.19"]
[EventType "swiss"]
[EventRounds "8"]
[EventCountry "SWE"]
[SourceTitle "CBM 174 Extra"]
[Source "ChessBase"]
[SourceDate "2016.10.10"]
[SourceVersion "1"]
[SourceVersionDate "2016.10.10"]
[SourceQuality "1"]

1. d4 e6 2. c4 b6 3. e4 Bb7 4. Bd3 Bb4+ 5. Kf1 Be7 6. Nc3 d6 7. Nf3 Nd7 8. g3 Bf6 9. Kg2 Ne7 10. Be3 0-0 11. Qd2 a6 12. h4 c5 13. d5 b5 14. dxe6 fxe6 15. Ng5 Bxg5 16. hxg5 Ne5 17. Bc2 b4 18. Nd5 exd5 19. exd5 Nxc4 20. Bxh7+ Kf7 21. Qe2 Bxd5+ 22. Kg1 Ne5 23. f4 Nf3+ 24. Kf2 g6 25. Qd3 Ne5 26. fxe5 Kg7+ 27. Ke2 Bf3+ 28. Kd2 Bxh1 29. Rxh1 dxe5 30. Bxc5 Qxd3+ 31. Kxd3 Rfd8+ 32. Ke4 Nf5 33. Kxe5 Rh8 34. g4 Ng3 35. Rh3 Ne2 36. Be7 Rxh7 0-1

[Event "Gothenburg Manhem-A"]
[Site "Gothenburg"]
[Date "2016.08.17"]
[Round "7"]
[White "Hultin, Johan"]
[Black "Westerberg, Jonathan"]
[Result "0-1"]
[WhiteElo "2340"]
[BlackElo "2488"]
[PlyCount "98"]
[EventDate "2016.08.13"]
[EventType "tourn"]
[EventRounds "9"]
[EventCountry "SWE"]
[EventCategory "9"]
[SourceTitle "CBM 173 Extra"]
[Source "ChessBase"]
[SourceDate "2016.08.29"]
[SourceVersion "1"]
[SourceVersionDate "2016.08.29"]
[SourceQuality "1"]

1. d4 Nf6 2. c4 e6 3. Nc3 Bb4 4. e3 0-0 5. Nge2 Re8 6. a3 Bf8 7. Ng3 d5 8. Be2 b6 9. 0-0 Ba6 10. b4 Bxc4 11. Bxc4 dxc4 12. Qe2 c5 13. dxc5 bxc5 14. Rd1 Nbd7 15. b5 a6 16. Qxc4 Qc8 17. Nge4 Nd5 18. bxa6 N7b6 19. Qd3 Qxa6 20. Qc2 f5 21. Nxd5 exd5 22. Ng5 Qa4 23. Qe2 h6 24. Nf3 f4 25. Rb1 fxe3 26. Bxe3 Nc4 27. Rxd5 Nxe3 28. fxe3 Qe4 29. Rbd1 Qxe3+ 30. Qxe3 Rxe3 31. Ne5 Rexa3 32. Rd8 Kh7 33. Kf2 Be7 34. Rxa8 Rxa8 35. Rc1 Bd6 36. Nd3 Rf8+ 37. Ke2 Rc8 38. Rc4 Kg6 39. Kf3 Kf6 40. h3 Ke6 41. Ke4 Be7 42. Nf4+ Kd6 43. g4 Bg5 44. Nd3 g6 45. Kf3 Kd5 46. Rc2 Kd4 47. Nb2 c4 48. Kg3 c3 49. Nd1 Kd3 0-1

[Event "Gothenburg Manhem-A"]
[Site "Gothenburg"]
[Date "2016.08.17"]
[Round "6"]
[White "Rozentalis, Eduardas"]
[Black "Hultin, Johan"]
[Result "1/2-1/2"]
[WhiteElo "2557"]
[BlackElo "2340"]
[PlyCount "79"]
[EventDate "2016.08.13"]
[EventType "tourn"]
[EventRounds "9"]
[EventCountry "SWE"]
[EventCategory "9"]
[SourceTitle "CBM 173 Extra"]
[Source "ChessBase"]
[SourceDate "2016.08.29"]
[SourceVersion "1"]
[SourceVersionDate "2016.08.29"]
[SourceQuality "1"]

1. e4 c5 2. Nf3 d6 3. Bb5+ Bd7 4. Bxd7+ Qxd7 5. 0-0 Nf6 6. e5 dxe5 7. Nxe5 Qc8 8. Qf3 Nbd7 9. Nc4 e6 10. Nc3 Nb6 11. Nxb6 axb6 12. d3 Qc6 13. Qe2 Be7 14. a4 0-0 15. b3 Nd5 16. Nxd5 Qxd5 17. Bb2 Rfd8 18. Rae1 Bf8 19. f4 Qd7 20. Rf3 b5 21. axb5 Qxb5 22. Rg3 c4 23. dxc4 Qf5 24. Rf1 Bc5+ 25. Kh1 Bd4 26. Bc1 Bf6 27. Rd3 Ra2 28. Rxd8+ Bxd8 29. Rd1 Bc7 30. Be3 Rxc2 31. Qf3 h5 32. Qxb7 Bxf4 33. Qf3 Bxe3 34. Qxe3 e5 35. h3 Qg6 36. Rg1 e4 37. c5 Qf5 38. Re1 Rxc5 39. Qxe4 Qxe4 40. Rxe4 1/2-1/2

[Event "Gothenburg Manhem-A"]
[Site "Gothenburg"]
[Date "2016.08.14"]
[Round "2"]
[White "Johansson, Linus"]
[Black "Hultin, Johan"]
[Result "1/2-1/2"]
[WhiteElo "2412"]
[BlackElo "2340"]
[PlyCount "107"]
[EventDate "2016.08.13"]
[EventType "tourn"]
[EventRounds "9"]
[EventCountry "SWE"]
[EventCategory "9"]
[SourceTitle "CBM 173 Extra"]
[Source "ChessBase"]
[SourceDate "2016.08.29"]
[SourceVersion "1"]
[SourceVersionDate "2016.08.29"]
[SourceQuality "1"]

1. d4 Nf6 2. c4 e6 3. Nc3 Bb4 4. e3 0-0 5. Bd3 d5 6. Nf3 c5 7. 0-0 dxc4 8. Bxc4 Nbd7 9. a3 Bxc3 10. bxc3 b6 11. Bb2 Bb7 12. Ba2 Qc7 13. c4 cxd4 14. exd4 Qf4 15. Qd2 Qf5 16. Ne5 Nxe5 17. dxe5 Rfd8 18. Qe2 Nh5 19. Bc1 Rd4 20. f3 Nf4 21. Bxf4 Qxf4 22. Rad1 Rad8 23. Bb1 Rd2 24. Be4 g6 25. Rxd2 Rxd2 26. Qe1 Ba6 27. g3 Qg5 28. f4 Qd8 29. Qe3 Bxc4 30. Rf2 Rd1+ 31. Kg2 Bd5 32. Rc2 Kg7 33. Kh3 Bxe4 34. Qxe4 h5 35. Rc3 Rd4 36. Rc8 Rxe4 37. Rxd8 Ra4 38. Rd3 g5 39. fxg5 Kg6 40. Rf3 Kxg5 41. Rxf7 Rxa3 42. Rf6 b5 43. Rxe6 b4 44. Kg2 a5 45. h4+ Kf5 46. Rh6 Kxe5 47. Rxh5+ Ke6 48. Rb5 b3 49. Rb6+ Kd7 50. h5 Ke7 51. Rb7+ Kf6 52. h6 Ra2+ 53. Kh3 Ra1 54. Rxb3 1/2-1/2

[Event "SWE-chT 1516"]
[Site "Sweden"]
[Date "2016.03.20"]
[Round "9"]
[White "Hultin, Johan"]
[Black "Akesson, Ralf"]
[Result "1/2-1/2"]
[WhiteElo "2319"]
[BlackElo "2435"]
[PlyCount "85"]
[EventDate "2015.11.06"]
[EventType "team-tourn"]
[EventRounds "9"]
[EventCountry "SWE"]
[SourceTitle "EXT 2018"]
[Source "ChessBase"]
[SourceDate "2017.10.13"]
[SourceVersion "1"]
[SourceVersionDate "2017.10.13"]
[SourceQuality "1"]
[WhiteTeam "Manhem"]
[BlackTeam "Vasteras"]
[WhiteTeamCountry "SWE"]
[BlackTeamCountry "SWE"]

1. d4 Nf6 2. c4 g6 3. Nc3 d5 4. cxd5 Nxd5 5. e4 Nxc3 6. bxc3 Bg7 7. Nf3 c5 8. Be3 Qa5 9. Qd2 Nc6 10. Rb1 a6 11. Rc1 cxd4 12. cxd4 Qxd2+ 13. Kxd2 e6 14. Bd3 0-0 15. Rc5 Rd8 16. Rb1 Nxd4 17. Nxd4 Bxd4 18. Bxd4 Rxd4 19. Ke3 Ra4 20. Rc7 e5 21. Bc4 Ra3+ 22. Rb3 Rxb3+ 23. Bxb3 Be6 24. Bxe6 fxe6 25. Rxb7 Rc8 26. Kf3 Rc3+ 27. Kg4 Rc2 28. Kg3 Rxa2 29. Re7 Ra5 30. f3 h6 31. h4 h5 32. Rxe6 Kf7 33. Rc6 Ra2 34. Kh3 Ra3 35. Kg3 Ra2 36. Rc3 a5 37. Kh3 a4 38. g4 hxg4+ 39. Kxg4 Rg2+ 40. Kh3 Ra2 41. Rc7+ Kf6 42. Rc6+ Kf7 43. Rc7+ 1/2-1/2

[Event "SWE-chT 1516"]
[Site "Sweden"]
[Date "2016.01.16"]
[Round "4.2"]
[White "Hultin, Johan"]
[Black "Rasmussen, Allan Stig"]
[Result "0-1"]
[WhiteElo "2312"]
[BlackElo "2498"]
[PlyCount "150"]
[EventDate "2015.11.06"]
[EventType "team-tourn"]
[EventRounds "9"]
[EventCountry "SWE"]
[SourceTitle "CBM 170 Extra"]
[Source "ChessBase"]
[SourceDate "2016.02.25"]
[SourceVersion "1"]
[SourceVersionDate "2016.02.25"]
[SourceQuality "1"]
[WhiteTeam "Manhem"]
[BlackTeam "Eksjo"]
[WhiteTeamCountry "SWE"]
[BlackTeamCountry "SWE"]

1. c4 f5 2. d4 Nf6 3. g3 d6 4. Nf3 g6 5. Bg2 Bg7 6. 0-0 0-0 7. Nc3 c6 8. d5 e5 9. dxc6 bxc6 10. c5 e4 11. Nd4 dxc5 12. Nb3 Nd5 13. Nxc5 Na6 14. N3a4 Nxc5 15. Nxc5 Rb8 16. Qc2 Qa5 17. Rd1 Rb5 18. Na4 Rb4 19. Nc5 Qb5 20. Nb3 Rc4 21. Qd2 Nb4 22. Bf1 e3 23. fxe3 Re8 24. a4 Qe5 25. Qd6 Nc2 26. Rb1 Qxd6 27. Rxd6 Be5 28. Rd3 Nb4 29. Rd1 Be6 30. Nd4 Bd5 31. Bd2 Bxd4 32. exd4 Rxd4 33. Bc3 Rxd1 34. Rxd1 Nc2 35. h3 Kf7 36. Kf2 g5 37. Rd2 Ne3 38. Rd3 Nc4 39. Bd4 a6 40. b3 Nd6 41. a5 f4 42. gxf4 gxf4 43. Bb6 Rg8 44. Bc7 Ne4+ 45. Ke1 Nc5 46. Rc3 Ne6 47. Bb6 Kf6 48. e4 Bxe4 49. Bxa6 Ke5 50. Bb7 c5 51. Bxe4 Kxe4 52. Bxc5 Nxc5 53. Rxc5 Kf3 54. a6 Kg2 55. b4 f3 56. Rd5 Ra8 57. Rg5+ Kxh3 58. b5 h5 59. Rxh5+ Kg3 60. Rg5+ Kf4 61. Rg7 Re8+ 62. Kf1 Rc8 63. a7 Rc1+ 64. Kf2 Rc2+ 65. Kg1 Rc1+ 66. Kh2 Ra1 67. b6 f2 68. b7 Rh1+ 69. Kxh1 f1Q+ 70. Kh2 Qf2+ 71. Rg2 Qxa7 72. Rb2 Qb8 73. Kg2 Ke3 74. Kf1 Kd3 75. Ke1 Qe5+ 0-1

[Event "Gothenburg Manhem-A"]
[Site "Gothenburg"]
[Date "2015.08.14"]
[Round "9"]
[White "Zelbel, Patrick"]
[Black "Hultin, Johan"]
[Result "1-0"]
[WhiteElo "2450"]
[BlackElo "2355"]
[PlyCount "119"]
[EventDate "2015.08.08"]
[EventType "tourn"]
[EventRounds "9"]
[EventCountry "SWE"]
[EventCategory "9"]
[SourceTitle "CBM 167 Extra"]
[Source "ChessBase"]
[SourceDate "2015.09.14"]
[SourceVersion "1"]
[SourceVersionDate "2015.09.14"]
[SourceQuality "1"]

1. e4 c5 2. c3 d5 3. exd5 Qxd5 4. Nf3 Nc6 5. Na3 Bf5 6. Bc4 Qd7 7. 0-0 a6 8. Be2 Rd8 9. Nc4 Qc7 10. Re1 Nf6 11. a4 e6 12. d3 h6 13. g3 Nd5 14. Nh4 Bh7 15. Bf1 Be7 16. Qg4 g5 17. Ng2 Nf6 18. Qd1 b5 19. axb5 axb5 20. Na3 b4 21. Nc4 Nd5 22. Bd2 Bf6 23. Qf3 Bg7 24. Nge3 0-0 25. Rac1 bxc3 26. bxc3 Nde7 27. Ng4 f5 28. Nxh6+ Bxh6 29. Qh5 Rf6 30. Bxg5 Bxg5 31. Qxg5+ Rg6 32. Qe3 f4 33. Qxc5 Rd5 34. Qb6 Qxb6 35. Nxb6 Rd8 36. d4 Rf6 37. Bc4 Bf5 38. f3 Kf7 39. Re2 Rd6 40. g4 Bh7 41. Na4 Nd5 42. Nc5 Ne3 43. Bd3 Rh6 44. Bxh7 Rxh7 45. Rb2 Kg6 46. Ne4 Rd8 47. Ra1 Rh3 48. Ra6 Rc8 49. Nd6 Rb8 50. Rxb8 Nxb8 51. Ra2 Nc6 52. Ne4 Nd8 53. Ra8 Rh8 54. h4 Kf7 55. h5 Ke7 56. Ra7+ Kf8 57. Ra8 Ke7 58. Ra7+ Kf8 59. Ng5 Rh6 60. Ra8 1-0

[Event "Gothenburg Manhem-A"]
[Site "Gothenburg"]
[Date "2015.08.12"]
[Round "6"]
[White "Westerberg, Jonathan"]
[Black "Hultin, Johan"]
[Result "1-0"]
[WhiteElo "2464"]
[BlackElo "2355"]
[PlyCount "147"]
[EventDate "2015.08.08"]
[EventType "tourn"]
[EventRounds "9"]
[EventCountry "SWE"]
[EventCategory "9"]
[SourceTitle "CBM 167 Extra"]
[Source "ChessBase"]
[SourceDate "2015.09.14"]
[SourceVersion "1"]
[SourceVersionDate "2015.09.14"]
[SourceQuality "1"]

1. e4 c6 2. d4 d5 3. Nc3 dxe4 4. Nxe4 Bf5 5. Ng3 Bg6 6. Nh3 e6 7. Nf4 Bd6 8. h4 Qc7 9. Nxg6 hxg6 10. Ne4 Bf4 11. Bxf4 Qxf4 12. Ng5 Nf6 13. g3 Qc7 14. Bg2 Nbd7 15. 0-0 0-0 16. c3 Qb6 17. Qb3 Rfe8 18. Rfd1 Rad8 19. Rd2 Qxb3 20. axb3 a6 21. Ra5 Nb6 22. Re2 Nbd5 23. Nf3 Nd7 24. Nd2 N5b6 25. Ne4 Nc8 26. Nd2 Nd6 27. f4 Kf8 28. b4 Nf6 29. Bf3 Ke7 30. Ra1 Kd7 31. Kf2 Kc7 32. Nb3 Rh8 33. Nc5 Nf5 34. Nd3 Nd6 35. Bg2 Ra8 36. Ne5 Rhf8 37. Bf3 Nd5 38. Rh1 Nf6 39. g4 a5 40. bxa5 Rxa5 41. g5 Nd5 42. Nd3 Rh8 43. Bg4 Ne7 44. Kf3 Raa8 45. Reh2 Rh7 46. h5 Rah8 47. h6 gxh6 48. Rxh6 Rxh6 49. Rxh6 Rf8 50. Rh7 Kd8 51. Ne5 f6 52. gxf6 Rxf6 53. Ke3 Nd5+ 54. Kd2 Ne4+ 55. Kc1 Kc8 56. Nd7 Rxf4 57. Bxe6 Rf1+ 58. Kc2 Nf4 59. Nc5+ Nxe6 60. Nxe4 Kb8 61. Nd6 Nc7 62. Rg7 Rg1 63. Kb3 Rg2 64. Ne4 b6 65. Rg8+ Ka7 66. Rc8 Nd5 67. Rxc6 g5 68. Rg6 g4 69. c4 Nf4 70. Rg7+ Ka6 71. Nc3 Ne6 72. Rd7 Rd2 73. Nd5 Rd3+ 74. Ka4 1-0

[Event "Gothenburg Manhem-A"]
[Site "Gothenburg"]
[Date "2015.08.10"]
[Round "4"]
[White "Blomqvist, Erik"]
[Black "Hultin, Johan"]
[Result "1-0"]
[WhiteElo "2508"]
[BlackElo "2355"]
[PlyCount "41"]
[EventDate "2015.08.08"]
[EventType "tourn"]
[EventRounds "9"]
[EventCountry "SWE"]
[EventCategory "9"]
[SourceTitle "CBM 167 Extra"]
[Source "ChessBase"]
[SourceDate "2015.09.14"]
[SourceVersion "1"]
[SourceVersionDate "2015.09.14"]
[SourceQuality "1"]

1. e4 e6 2. d4 d5 3. e5 c5 4. c3 Nc6 5. Nf3 Bd7 6. Bd3 Qb6 7. dxc5 Bxc5 8. 0-0 Nh6 9. Qe2 0-0-0 10. b4 Bf8 11. Na3 Ne7 12. Be3 Qc7 13. Bxa7 Ng6 14. g3 f6 15. Rfe1 Nf7 16. exf6 gxf6 17. Nb5 Bxb5 18. Qxe6+ Qd7 19. Bxb5 Qxe6 20. Rxe6 Nd6 21. Bf1 1-0

[Event "Gothenburg Manhem-A"]
[Site "Gothenburg"]
[Date "2015.08.09"]
[Round "2"]
[White "Smith, Axel"]
[Black "Hultin, Johan"]
[Result "1-0"]
[WhiteElo "2457"]
[BlackElo "2355"]
[PlyCount "63"]
[EventDate "2015.08.08"]
[EventType "tourn"]
[EventRounds "9"]
[EventCountry "SWE"]
[EventCategory "9"]
[SourceTitle "CBM 167 Extra"]
[Source "ChessBase"]
[SourceDate "2015.09.14"]
[SourceVersion "1"]
[SourceVersionDate "2015.09.14"]
[SourceQuality "1"]

1. c4 Nf6 2. Nc3 d5 3. cxd5 Nxd5 4. g3 Nxc3 5. bxc3 c5 6. Bg2 g6 7. Rb1 Nc6 8. Qa4 Bg7 9. Ba3 Qd6 10. Qb5 0-0 11. Qxc5 Qe6 12. Qd5 Qf6 13. Nf3 Rd8 14. Qb3 Be6 15. Qa4 Bxa2 16. Rxb7 Bd5 17. 0-0 Qe6 18. Rb5 h6 19. Re1 Rab8 20. Rxb8 Rxb8 21. Bc5 Qe4 22. Qxe4 Bxe4 23. c4 a5 24. d3 Bxf3 25. Bxf3 Nd4 26. Be4 a4 27. Bxe7 a3 28. Bxa3 Nc2 29. Bd6 Rd8 30. Bc7 Rd7 31. Ba5 Ra7 32. Bb6 1-0

[Event "SWE-chT 1415 Superettan"]
[Site "Sweden"]
[Date "2015.03.22"]
[Round "9"]
[White "Hultin, Johan"]
[Black "Hedman, Erik"]
[Result "1-0"]
[WhiteElo "2346"]
[BlackElo "2375"]
[PlyCount "63"]
[EventDate "2014.11.21"]
[EventType "team-tourn"]
[EventRounds "9"]
[EventCountry "SWE"]
[SourceTitle "EXT 2018"]
[Source "ChessBase"]
[SourceDate "2017.10.13"]
[SourceVersion "1"]
[SourceVersionDate "2017.10.13"]
[SourceQuality "1"]
[WhiteTeam "Manhem"]
[BlackTeam "Stockholm Rockaden II"]
[WhiteTeamCountry "SWE"]
[BlackTeamCountry "SWE"]

1. d4 Nf6 2. c4 c5 3. d5 e6 4. Nc3 exd5 5. cxd5 d6 6. Nf3 g6 7. e4 Bg7 8. h3 0-0 9. Bd3 a6 10. a4 Nbd7 11. 0-0 Re8 12. Bf4 Qe7 13. Re1 Nh5 14. Bg5 Qf8 15. Nd2 Bh6 16. Bxh6 Qxh6 17. Nc4 Qf4 18. e5 Nxe5 19. Nxd6 Bxh3 20. Nxe8 Rxe8 21. Re3 Bd7 22. g3 Qh6 23. Qe2 Nf6 24. Rxe5 Rxe5 25. Qxe5 Ng4 26. Qb8+ Kg7 27. Nd1 Qh2+ 28. Kf1 Qh1+ 29. Ke2 c4 30. Bc2 Qxd5 31. Qf4 Nf6 32. Ne3 1-0

[Event "SWE-chT 1415 Superettan"]
[Site "Sweden"]
[Date "2015.03.20"]
[Round "7"]
[White "Hultin, Johan"]
[Black "Burwick, Malte"]
[Result "1-0"]
[WhiteElo "2346"]
[BlackElo "2228"]
[PlyCount "67"]
[EventDate "2014.11.21"]
[EventType "team-tourn"]
[EventRounds "9"]
[EventCountry "SWE"]
[SourceTitle "EXT 2018"]
[Source "ChessBase"]
[SourceDate "2017.10.13"]
[SourceVersion "1"]
[SourceVersionDate "2017.10.13"]
[SourceQuality "1"]
[WhiteTeam "Manhem"]
[BlackTeam "Upsala"]
[WhiteTeamCountry "SWE"]
[BlackTeamCountry "SWE"]

1. d4 d6 2. Nf3 g6 3. c4 Bg7 4. Nc3 Nf6 5. e4 0-0 6. Be2 e5 7. 0-0 Nbd7 8. Qc2 c6 9. Rd1 Nh5 10. Rb1 h6 11. b4 Nf4 12. Bf1 g5 13. dxe5 dxe5 14. c5 g4 15. Nd2 Qh4 16. Nc4 Qh5 17. Ne2 Nxe2+ 18. Bxe2 Nf6 19. Nd6 Be6 20. h3 Rab8 21. Rd3 Qh4 22. Rbb3 Bxb3 23. Qxb3 b6 24. cxb6 axb6 25. Rg3 Nxe4 26. Nxe4 Kh8 27. Rxg4 Qe7 28. Ng3 f5 29. Rg6 Rf6 30. Rxf6 Qxf6 31. Nh5 Qg6 32. Bb2 f4 33. Nxg7 Qxg7 34. Qe6 1-0

[Event "SWE-chT 1415 Superettan"]
[Site "Sweden"]
[Date "2015.01.17"]
[Round "4"]
[White "Rydstrom, Tom"]
[Black "Hultin, Johan"]
[Result "1-0"]
[WhiteElo "2225"]
[BlackElo "2346"]
[PlyCount "42"]
[EventDate "2014.11.21"]
[EventType "team-tourn"]
[EventRounds "9"]
[EventCountry "SWE"]
[SourceTitle "EXT 2018"]
[Source "ChessBase"]
[SourceDate "2017.10.13"]
[SourceVersion "1"]
[SourceVersionDate "2017.10.13"]
[SourceQuality "1"]
[WhiteTeam "Vaxjo"]
[BlackTeam "Manhem"]
[WhiteTeamCountry "SWE"]
[BlackTeamCountry "SWE"]

1. e4 c5 2. Nf3 d6 3. d4 cxd4 4. Nxd4 Nf6 5. Nc3 a6 6. f4 e5 7. Nf5 d5 8. Ne3 Bb4 9. Nexd5 Nxe4 10. Be3 exf4 11. Bxf4 Nxc3 12. bxc3 Ba5 13. Bc4 0-0 14. 0-0 Nc6 15. Qh5 Be6 16. Rad1 Bxd5 17. Rxd5 Qb6+ 18. Kh1 Bxc3 19. Bd6 Nb4 20. Bxf8 Rxf8 21. Rd7 g6 1-0

[Event "SWE-chT 1415 Superettan"]
[Site "Sweden"]
[Date "2014.11.23"]
[Round "3"]
[White "Hultin, Johan"]
[Black "Gruvaeus, Curt"]
[Result "1-0"]
[WhiteElo "2346"]
[BlackElo "2300"]
[PlyCount "83"]
[EventDate "2014.11.21"]
[EventType "team-tourn"]
[EventRounds "9"]
[EventCountry "SWE"]
[SourceTitle "EXT 2018"]
[Source "ChessBase"]
[SourceDate "2017.10.13"]
[SourceVersion "1"]
[SourceVersionDate "2017.10.13"]
[SourceQuality "1"]
[WhiteTeam "Manhem"]
[BlackTeam "Orebro"]
[WhiteTeamCountry "SWE"]
[BlackTeamCountry "SWE"]

1. d4 Nf6 2. c4 c5 3. d5 e6 4. Nc3 exd5 5. cxd5 d6 6. Nf3 a6 7. a4 g6 8. Nd2 Nbd7 9. e4 Bg7 10. Be2 0-0 11. 0-0 Re8 12. Ra3 g5 13. Re1 Ne5 14. Nf1 h6 15. Ng3 Rb8 16. Qc2 c4 17. a5 b5 18. axb6 Qxb6 19. Nd1 Bd7 20. Be3 Qb5 21. Bd4 h5 22. Ne3 Nd3 23. Bxd3 cxd3 24. Rxd3 Nxe4 25. Nxh5 Bh8 26. Bxh8 Kxh8 27. Rd4 f5 28. f3 Rec8 29. Nc4 Qb4 30. Red1 Be8 31. fxe4 Bxh5 32. R1d2 f4 33. h3 Be8 34. Kh2 a5 35. Qc3 Qxc3 36. bxc3 Rb1 37. Nxd6 Rxc3 38. Rd1 Rxd1 39. Rxd1 Bh5 40. Rd2 Re3 41. Nc4 Rxe4 42. d6 1-0

[Event "SWE-chT2 1314"]
[Site "Sweden"]
[Date "2014.03.09"]
[Round "9"]
[White "Hultin, Johan"]
[Black "Petrov, Marian"]
[Result "0-1"]
[WhiteElo "2333"]
[BlackElo "2470"]
[PlyCount "94"]
[EventDate "2013.11.22"]
[EventType "team-tourn"]
[EventRounds "9"]
[EventCountry "SWE"]
[SourceTitle "EXT 2015"]
[Source "ChessBase"]
[SourceDate "2014.11.20"]
[SourceVersion "1"]
[SourceVersionDate "2014.11.20"]
[SourceQuality "1"]
[WhiteTeam "Manhem"]
[BlackTeam "Umea Rockaden"]
[WhiteTeamCountry "SWE"]
[BlackTeamCountry "SWE"]

1. d4 g6 2. c4 Bg7 3. e4 c5 4. d5 d6 5. Nc3 e6 6. Bd3 Nf6 7. h3 0-0 8. Nf3 exd5 9. cxd5 a6 10. a4 Nh5 11. 0-0 Nd7 12. Be2 Re8 13. Re1 Rb8 14. Bg5 Bf6 15. Bh6 Ng7 16. Bf4 Ne5 17. Nd2 Bg5 18. Bh2 Qf6 19. Bxe5 Rxe5 20. Nf3 Re8 21. e5 Qd8 22. Ne4 Be7 23. Bc4 b5 24. axb5 axb5 25. Bf1 Bf5 26. b4 Bxe4 27. Rxe4 c4 28. Nd4 dxe5 29. Nc6 Qd6 30. Rxe5 Rbc8 31. Nxe7+ Rxe7 32. Rxe7 Qxe7 33. d6 Qd7 34. Qd5 Nf5 35. Ra6 Rd8 36. h4 Nxd6 37. h5 Nf5 38. Qxd7 Rxd7 39. g4 Nd4 40. h6 Rd8 41. Ra7 Rc8 42. Rb7 Kf8 43. Kg2 c3 44. Bd3 c2 45. Bxc2 Rxc2 46. Rb8+ Ke7 47. Rh8 Ne6 0-1

[Event "Gothenburg Manhem-B"]
[Site "Gothenburg"]
[Date "2013.08.14"]
[Round "7"]
[White "Johansson, Linus"]
[Black "Hultin, Johan"]
[Result "0-1"]
[WhiteElo "2345"]
[BlackElo "2287"]
[PlyCount "78"]
[EventDate "2013.08.10"]
[EventType "tourn"]
[EventRounds "9"]
[EventCountry "SWE"]
[EventCategory "3"]
[SourceTitle "CBM 155 Extra"]
[Source "ChessBase"]
[SourceDate "2013.08.26"]
[SourceVersion "1"]
[SourceVersionDate "2013.08.26"]
[SourceQuality "1"]

1. d4 d5 2. c4 c6 3. cxd5 cxd5 4. Nc3 Nf6 5. Bf4 Nc6 6. e3 a6 7. Rc1 Bg4 8. f3 Bd7 9. Bd3 e6 10. g4 Be7 11. Nge2 0-0 12. h4 Ne8 13. h5 Bd6 14. Bb1 Bxf4 15. Nxf4 Nd6 16. Qd3 f5 17. a3 Na5 18. Rc2 Rc8 19. 0-0 Qe7 20. Rg2 Bb5 21. Nxb5 axb5 22. Qe2 Nac4 23. e4 fxe4 24. fxe4 dxe4 25. Bxe4 Qg5 26. Qf3 Rf6 27. Bb1 Rcf8 28. Qd3 g6 29. hxg6 Rxf4 30. gxh7+ Kh8 31. Re1 Rxg4 32. Qh3 Rxg2+ 33. Qxg2 Qf6 34. Qg3 Qxd4+ 35. Kh2 Nd2 36. Kh1 Nxb1 37. Rg1 Qe4+ 38. Rg2 Rf1+ 39. Kh2 Qxh7+ 0-1

[Event "Gothenburg Manhem-B"]
[Site "Gothenburg"]
[Date "2013.08.12"]
[Round "4"]
[White "Hultin, Johan"]
[Black "Zelbel, Patrick"]
[Result "1-0"]
[WhiteElo "2287"]
[BlackElo "2393"]
[PlyCount "77"]
[EventDate "2013.08.10"]
[EventType "tourn"]
[EventRounds "9"]
[EventCountry "SWE"]
[EventCategory "3"]
[SourceTitle "CBM 155 Extra"]
[Source "ChessBase"]
[SourceDate "2013.08.26"]
[SourceVersion "1"]
[SourceVersionDate "2013.08.26"]
[SourceQuality "1"]

1. d4 Nf6 2. c4 e6 3. Nc3 Bb4 4. e3 0-0 5. Nge2 d5 6. a3 Bd6 7. Ng3 c5 8. dxc5 Bxc5 9. b4 Be7 10. cxd5 exd5 11. Bb2 Nc6 12. Nb5 a5 13. bxa5 Bg4 14. Be2 Qxa5+ 15. Nc3 Bxe2 16. Ngxe2 Ne5 17. 0-0 Nc4 18. Rb1 Rfd8 19. a4 Ne4 20. Ba1 Bb4 21. Qd4 Bc5 22. Qd3 Nxf2 23. Rxf2 Bxe3 24. Nd4 Qc5 25. Nd1 Bxf2+ 26. Nxf2 Rxa4 27. Nf5 Ra3 28. Qe2 d4 29. Qg4 g6 30. Qg5 Rc8 31. Ng4 Kf8 32. Qh6+ Ke8 33. Nf6+ Kd8 34. Bxd4 Qxf5 35. Qf8+ Kc7 36. Qxf7+ Kc6 37. Qxc4+ Kd6 38. Qb4+ Ke6 39. Re1+ 1-0